| 000 | 00432nam a2200181Ia 4500 | ||
|---|---|---|---|
| 001 | 4394 | ||
| 005 | 20260306145752.0 | ||
| 008 | 260306t2008||||xx |||||||||||||| ||spa|| | ||
| 041 | _aESP | ||
| 082 |
_a321 _bG36 |
||
| 100 |
_aGentile, Francesco _eAUT |
||
| 245 | 0 | _aInteligencia política y razón de estado | |
| 260 | _c2008 | ||
| 300 |
_a222 páginas : _c23 cm. |
||
| 650 | _aGEN | ||
| 654 | _aCDE | ||
| 942 |
_cLIB _dJUS _fJUS _2ddc _n |
||
| 999 |
_c4394 _d4394 |
||